[Event "26th WSCC 2016 Open 65+"]
[Site "Marianske Lazne, Czech Republic - Hotel Cristal and Continental"]
[Date "2016.11.20"]
[Round "2.59"]
[White "Tapper, Larry"]
[Black "Marsina, Stefan"]
[Result "1-0"]
[WhiteElo "2212"]
[BlackElo "1910"]
[PlyCount "71"]
[EventDate "2016.11.19"]

1. e4 e6 2. d4 d5 3. Nc3 dxe4 4. Nxe4 Nd7 5. Nf3 Ngf6 6. Nxf6+ Nxf6 7. Bg5 Be7
8. Bd3 c5 9. dxc5 Qa5+ 10. c3 Qxc5 11. Qe2 a6 12. Be3 Qc7 13. Bd4 b5 14. Be5
Bd6 15. O-O Bxe5 16. Nxe5 O-O 17. a4 bxa4 18. Rxa4 Bb7 19. Rfa1 Rfd8 20. h3 a5
21. Qe3 Rd5 22. f4 g6 23. Be2 Rad8 24. Nc4 Rf5 25. Nxa5 Nd5 26. Qa7 Nxf4 27.
Rxf4 Qxf4 28. Nxb7 Rd2 29. Bf3 Qe5 30. Na5 Qg3 31. Nc4 Rd3 32. Be4 Rh5 33. Bxd3
Rxh3 34. Qa8+ Kg7 35. Qe4 Qh2+ 36. Kf2 1-0

[Event "26th WSCC 2016 Open 65+"]
[Site "Marianske Lazne, Czech Republic - Hotel Cristal and Continental"]
[Date "2016.11.20"]
[Round "2.60"]
[White "Choong, Liong-On Mark"]
[Black "Borensztajn, David"]
[Result "1-0"]
[WhiteElo "1908"]
[BlackElo "2211"]
[PlyCount "73"]
[EventDate "2016.11.19"]

1. c4 c5 2. g3 g6 3. Bg2 Bg7 4. Nc3 Nc6 5. d3 Nf6 6. Nf3 O-O 7. O-O Rb8 8. Bf4
d6 9. Qd2 Bg4 10. h3 Bxf3 11. Bxf3 Nd4 12. Bg2 b5 13. Rad1 bxc4 14. dxc4 Re8
15. b3 Qc8 16. Qc1 Qa6 17. Bd2 h5 18. e3 Nc6 19. Nb5 Rbc8 20. Qb1 Qb6 21. Bc3
a6 22. Na3 Red8 23. Qb2 Ne8 24. Nc2 Bxc3 25. Qxc3 Nf6 26. Ne1 a5 27. f4 Qb4 28.
Qc2 Nb8 29. Nf3 e6 30. Ng5 Kg7 31. Qb2 Qb6 32. Ne4 Nbd7 33. Rxd6 Qc7 34. Rxd7
Qxd7 35. Nxf6 Qd2 36. Nxh5+ Kh6 37. Qg7+ 1-0

[Event "26th WSCC 2016 Open 65+"]
[Site "Marianske Lazne, Czech Republic - Hotel Cristal and Continental"]
[Date "2016.11.20"]
[Round "2.61"]
[White "Schmitt, Karl"]
[Black "Sprotte, Norbert"]
[Result "1/2-1/2"]
[WhiteElo "1899"]
[BlackElo "2196"]
[PlyCount "64"]
[EventDate "2016.11.19"]

1. Nf3 Nf6 2. c4 e6 3. g3 d5 4. Bg2 Be7 5. O-O c5 6. cxd5 Nxd5 7. Nc3 Nc6 8.
Nxd5 exd5 9. d4 c4 10. Bd2 O-O 11. a4 Bg4 12. Bc3 Na5 13. h3 Be6 14. Nd2 a6 15.
b3 cxb3 16. Nxb3 Nxb3 17. Qxb3 Qd7 18. Kh2 Rfc8 19. a5 Rc4 20. Rfc1 Rac8 21. e3
Bb4 22. Bb2 Rxc1 23. Bxc1 Bd6 24. Ba3 Bxa3 25. Qxa3 h5 26. Rc1 h4 27. Rxc8+
Qxc8 28. Qd6 $11 Qc2 29. Qd8+ Kh7 30. Qxh4+ Kg8 31. Qd8+ Kh7 32. Qh4+ Kg8 $11
1/2-1/2

[Event "26th WSCC 2016 Open 65+"]
[Site "Marianske Lazne, Czech Republic - Hotel Cristal and Continental"]
[Date "2016.11.20"]
[Round "2.62"]
[White "Friedman, Josef"]
[Black "Pihlajamaki, Antti"]
[Result "1-0"]
[WhiteElo "2187"]
[BlackElo "1848"]
[PlyCount "87"]
[EventDate "2016.11.19"]

1. d4 Nf6 2. c4 e6 3. g3 d5 4. Nf3 Bb4+ 5. Bd2 Bxd2+ 6. Qxd2 Ne4 7. Qc2 Nd7 8.
Bg2 O-O 9. O-O c6 10. Nc3 f5 11. e3 Qf6 12. Ne1 g5 $11 13. Nxe4 dxe4 14. f3 e5
15. fxe4 f4 16. gxf4 gxf4 17. Nd3 exd4 18. exf4 Kh8 19. Rf3 Rg8 20. Rg3 Rxg3
21. hxg3 Qg7 22. Qf2 c5 23. Bf3 Nf6 24. Kg2 Bg4 25. Ne5 Rd8 26. Bxg4 Nxg4 27.
Nxg4 Qxg4 28. Qf3 Qe6 29. Qd3 b5 30. Rc1 bxc4 31. Rxc4 Qa6 32. Qb3 d3 33. Qc3+
Kg8 34. Rxc5 h6 35. Qb3+ Kh8 36. Rd5 Rxd5 37. Qxd5 Qf6 38. Qa8+ Kh7 39. Qxa7+
Kg6 40. Qf2 Qd6 41. Qd2 Qd4 42. Kf3 h5 43. f5+ Kf7 44. Qc3 1-0

[Event "26th WSCC 2016 Open 65+"]
[Site "Marianske Lazne, Czech Republic - Hotel Cristal and Continental"]
[Date "2016.11.20"]
[Round "2.63"]
[White "Raikin, Leonid"]
[Black "Bobbia, Mario"]
[Result "1/2-1/2"]
[WhiteElo "2180"]
[BlackElo "1850"]
[PlyCount "78"]
[EventDate "2016.11.19"]

1. d4 Nf6 2. c4 g6 3. Nc3 Bg7 4. e4 d6 5. Be2 O-O 6. Bg5 h6 7. Be3 e5 8. dxe5
dxe5 9. Bc5 Qxd1+ 10. Rxd1 Re8 11. Nf3 Na6 12. Be3 Bg4 13. h3 Bxf3 14. Bxf3 Nb4
15. O-O Nc2 16. Bc5 b6 17. Rd2 bxc5 18. Rxc2 Red8 19. Nd5 Rd7 20. Bg4 Nxg4 21.
hxg4 c6 22. Ne3 Rad8 23. Rcc1 Bf6 24. Rfd1 Rd4 25. Rxd4 exd4 26. Nd1 Bg5 27.
Rc2 a5 28. g3 Re8 29. f3 f5 30. gxf5 gxf5 31. Nf2 fxe4 32. Nxe4 d3 33. Rg2 Be3+
34. Kf1 Rd8 35. Ke1 Kg7 36. Kd1 Rb8 37. g4 Rf8 38. Nf2 Rd8 39. Ne4 Rf8 $11
1/2-1/2

[Event "26th WSCC 2016 Open 65+"]
[Site "Marianske Lazne, Czech Republic - Hotel Cristal and Continental"]
[Date "2016.11.20"]
[Round "2.64"]
[White "Prammer, Franz"]
[Black "Bratus, Petr P"]
[Result "0-1"]
[WhiteElo "1864"]
[BlackElo "2140"]
[PlyCount "58"]
[EventDate "2016.11.19"]

1. e4 c5 2. Nc3 d6 3. g3 g6 4. Bg2 Bg7 5. d3 Nc6 6. h3 e6 7. Nf3 Nge7 8. O-O
O-O 9. Bf4 Nd4 10. Qd2 Nxf3+ 11. Bxf3 e5 12. Bh6 Bxh3 13. Rfe1 Qd7 14. Ne2 Bg4
15. Bg2 Be6 16. c3 d5 17. Bxg7 Kxg7 18. Qc2 d4 19. c4 h5 20. f3 Rh8 21. Kf2
Raf8 22. Rh1 f5 23. f4 fxe4 24. Bxe4 Nf5 25. Bxf5 Bxf5 26. Rag1 Qc6 27. Ke1 e4
28. Nc1 exd3 29. Nxd3 Qe4+ 0-1

[Event "26th WSCC 2016 Open 65+"]
[Site "Marianske Lazne, Czech Republic - Hotel Cristal and Continental"]
[Date "2016.11.20"]
[Round "2.65"]
[White "Goncharov, Viktor"]
[Black "Simkin, Alexander"]
[Result "0-1"]
[WhiteElo "2125"]
[BlackElo "1782"]
[PlyCount "74"]
[EventDate "2016.11.19"]

1. Nf3 d5 2. g3 Nf6 3. Bg2 c6 4. b3 e6 5. Bb2 Be7 6. d3 O-O 7. Nbd2 Nbd7 8. O-O
Qc7 9. e3 e5 10. c4 Bd6 11. Qc2 Re8 12. cxd5 Nxd5 13. a3 f6 14. Rfc1 N7b6 15.
Nc4 Be6 16. e4 Ne7 17. Nxd6 Qxd6 18. d4 exd4 19. Nxd4 Bf7 20. a4 Rad8 21. a5
Nbc8 22. Rd1 Qb8 23. Bh3 Ng6 24. f4 a6 25. Ba3 Nf8 26. Bc5 Qc7 27. b4 Nd7 28.
Bxd7 Rxd7 29. Re1 Red8 30. Qc3 Re8 31. Re3 Nd6 32. Rae1 Nb5 33. Nxb5 cxb5 34.
Kf2 Bc4 35. e5 fxe5 36. Rxe5 Rxe5 37. Rxe5 Qd8 {time} 0-1

[Event "26th WSCC 2016 Open 65+"]
[Site "Marianske Lazne, Czech Republic - Hotel Cristal and Continental"]
[Date "2016.11.20"]
[Round "2.66"]
[White "Dalling, Peter"]
[Black "Hohler, Peter"]
[Result "0-1"]
[WhiteElo "1817"]
[BlackElo "2119"]
[PlyCount "82"]
[EventDate "2016.11.19"]

1. Nc3 Nf6 2. Nf3 d5 3. d4 Bf5 4. Bf4 c6 5. e3 e6 6. Bd3 Bxd3 7. Qxd3 Be7 8.
O-O Nbd7 9. h3 O-O 10. Rfe1 c5 11. a4 a6 12. Nd2 Rc8 13. Nd1 Re8 14. c3 Bf8 15.
Nf3 Qa5 16. Ne5 b5 17. f3 c4 18. Qe2 Nxe5 19. Bxe5 Nd7 20. Bg3 b4 21. Rf1 e5
22. Qc2 Re6 23. Qf5 Rce8 24. h4 Qd8 25. Nf2 g6 26. Qh3 exd4 27. exd4 Re2 28.
Rab1 Nb6 29. a5 Nc8 30. Ng4 h5 31. Ne5 Kg7 32. Rfe1 Rxe1+ 33. Bxe1 Qxa5 34. Qd7
Re7 35. Qxc8 Qa2 36. Rd1 Qxb2 37. Qxa6 f6 38. Nc6 Re2 39. Qb7+ Kh6 40. Qf7
Rxg2+ 41. Kf1 Qe2# 0-1

[Event "26th WSCC 2016 Open 65+"]
[Site "Marianske Lazne, Czech Republic - Hotel Cristal and Continental"]
[Date "2016.11.20"]
[Round "2.67"]
[White "Behling, Robert"]
[Black "Lacha, Jan"]
[Result "1-0"]
[WhiteElo "2118"]
[BlackElo "1796"]
[PlyCount "73"]
[EventDate "2016.11.19"]

1. c4 e5 2. Nc3 d6 3. d4 Nd7 4. e4 Ngf6 5. Nf3 Be7 6. Be2 O-O 7. O-O c6 8. Re1
Re8 9. Bf1 Qc7 10. Rb1 a5 11. b3 Nf8 12. h3 Ng6 13. g3 Bd7 14. a3 c5 15. dxe5
dxe5 16. a4 Rad8 17. Qc2 Bc6 18. Bb2 b6 19. Nd5 Qb8 20. Rbd1 Bd6 21. Bd3 Nf8
22. Nxf6+ gxf6 23. Nh4 Ne6 24. Nf5 Nd4 25. Bxd4 cxd4 26. Qe2 Kh8 27. Qh5 Rg8
28. Qxf7 Rdf8 29. Qe6 Bb4 30. Qxc6 Bxe1 31. Rxe1 Qa7 32. Rc1 Rg6 33. Qd6 Qf7
34. Be2 Rg5 35. h4 Rxf5 36. exf5 Re8 37. Re1 1-0

[Event "26th WSCC 2016 Open 65+"]
[Site "Marianske Lazne, Czech Republic - Hotel Cristal and Continental"]
[Date "2016.11.20"]
[Round "2.68"]
[White "Freeke, Kees"]
[Black "Doehner, Hans-Juergen"]
[Result "0-1"]
[WhiteElo "1791"]
[BlackElo "2111"]
[PlyCount "49"]
[EventDate "2016.11.19"]

1. e4 e5 2. Nf3 Nc6 3. Bc4 Nf6 4. d4 Qe7 5. O-O d6 6. dxe5 dxe5 7. Nc3 Bg4 8.
Bb5 Bd7 9. Nd5 Qd6 10. Nc3 Be7 11. Qxd6 Bxd6 12. Re1 h6 13. a3 O-O 14. Bd3 a6
15. h3 Ne7 16. Ne2 Kh7 17. Ng3 g6 18. Bd2 c5 19. Nh2 b5 20. c4 Rab8 21. b3 Nc6
22. Nf3 Be6 23. Rab1 Bd7 24. Be2 b4 25. a4 0-1

[Event "26th WSCC 2016 Open 65+"]
[Site "Marianske Lazne, Czech Republic - Hotel Cristal and Continental"]
[Date "2016.11.20"]
[Round "2.69"]
[White "Carlsten, Peter"]
[Black "Kayaman, Metin"]
[Result "0-1"]
[WhiteElo "2099"]
[BlackElo "1732"]
[PlyCount "90"]
[EventDate "2016.11.19"]

1. e4 c5 2. Nf3 d6 3. Bb5+ Nd7 4. O-O Ngf6 5. Re1 a6 6. Bf1 Qc7 7. a4 g6 8. g3
Bg7 9. Bg2 O-O 10. c3 c4 11. d4 cxd3 12. Qxd3 Nc5 13. Qc2 Ng4 14. h3 Ne5 15.
Nxe5 Bxe5 16. Bh6 Re8 17. f4 Bh8 18. g4 Bd7 19. Nd2 Rac8 20. Ra3 Ne6 21. f5 Nd4
22. Qd1 Nc6 23. Nf3 Na5 24. Kh1 Nc4 25. Ra2 Qb6 26. Re2 Rc7 27. Nd2 Nxb2 28.
Qf1 Nxa4 29. Rf2 f6 30. c4 Nc5 31. Be3 Bc6 32. Bd4 Bg7 33. h4 Rf8 34. Qa1 Rcc8
35. Ra3 Qc7 36. Rh3 Nd7 37. Qf1 Ne5 38. Bxe5 fxe5 39. Qd3 gxf5 40. gxf5 Bf6 41.
Nf3 Qb6 42. Rc2 Qb1+ 43. Kh2 Kh8 44. Nd2 Qd1 45. Nf1 Rg8 0-1

[Event "26th WSCC 2016 Open 65+"]
[Site "Marianske Lazne, Czech Republic - Hotel Cristal and Continental"]
[Date "2016.11.20"]
[Round "2.70"]
[White "Halla, Jiri"]
[Black "Anguera Maestro, Jaime"]
[Result "1/2-1/2"]
[WhiteElo "1770"]
[BlackElo "2081"]
[PlyCount "90"]
[EventDate "2016.11.19"]

1. e4 e5 2. Nf3 Nc6 3. d4 exd4 4. Nxd4 Bc5 5. Be3 Bxd4 6. Bxd4 Nxd4 7. Qxd4 Qf6
8. Qxf6 Nxf6 9. Nc3 d6 10. Nb5 Kd8 11. f3 Bd7 12. O-O-O Bxb5 13. Bxb5 Ke7 14.
Rhe1 Rhd8 15. e5 dxe5 16. Rxe5+ Kf8 17. Rde1 c6 18. Bc4 Re8 19. Rxe8+ Rxe8 20.
Rxe8+ Nxe8 21. Kd2 Nd6 22. Bd3 h6 23. Ke3 c5 24. b3 Ke7 25. a4 Ke6 26. g4 g5
27. f4 f6 28. h3 b6 29. Bf1 f5 30. fxg5 hxg5 31. Kf3 Ke5 32. gxf5 Nxf5 33. Bd3
Nd4+ 34. Kg4 Kf6 35. h4 gxh4 36. Kxh4 Nc6 37. Kg3 Ke5 38. c3 Ne7 39. Kf3 Nd5
40. Bc4 Nxc3 41. Ke3 Nd5+ 42. Kd3 Nc7 43. Ke3 a6 44. Kd3 b5 45. axb5 axb5 $11
1/2-1/2

[Event "26th WSCC 2016 Open 65+"]
[Site "Marianske Lazne, Czech Republic - Hotel Cristal and Continental"]
[Date "2016.11.20"]
[Round "2.71"]
[White "Zhelesny, Stanislav"]
[Black "Dvorak, Pavel"]
[Result "1-0"]
[WhiteElo "2067"]
[BlackElo "1753"]
[PlyCount "75"]
[EventDate "2016.11.19"]

1. Nf3 Nf6 2. g3 g6 3. Bg2 Bg7 4. O-O O-O 5. d4 d5 6. Nbd2 Nbd7 7. Re1 c6 8. c3
Re8 9. e4 dxe4 10. Ng5 h6 11. Ngxe4 Nb6 12. Nxf6+ Bxf6 13. Ne4 Bg7 14. Nc5 e6
15. Qb3 g5 16. Nd3 Rb8 17. Qd1 Nd5 18. f4 f6 19. Qh5 Re7 20. fxg5 hxg5 21. h4
g4 22. Nf4 Qe8 23. Qxe8+ Rxe8 24. Nxd5 cxd5 25. Bxd5 Kf8 26. Bb3 b6 27. Bf4 e5
28. dxe5 fxe5 29. Bg5 Bb7 30. Ba4 Rec8 31. Bd7 Rc4 32. Rf1+ Bf3 33. Bxg4 Rxg4
34. Rxf3+ Kg8 35. Rd1 e4 36. Re3 Be5 37. Kg2 Rb7 38. Kh3 1-0

[Event "26th WSCC 2016 Open 65+"]
[Site "Marianske Lazne, Czech Republic - Hotel Cristal and Continental"]
[Date "2016.11.20"]
[Round "2.73"]
[White "Horyna, Josef"]
[Black "Schmieder, Siegfried"]
[Result "1-0"]
[WhiteElo "1746"]
[BlackElo "2052"]
[PlyCount "59"]
[EventDate "2016.11.19"]

1. d4 f5 2. Nc3 Nf6 3. g3 g6 4. Bg2 Bg7 5. e4 fxe4 6. Nxe4 Nc6 7. Nxf6+ Bxf6 8.
c3 O-O 9. Nf3 d6 10. O-O Rb8 11. Bh6 Bg7 12. Bxg7 Kxg7 13. d5 Na5 14. b4 Rxf3
15. Bxf3 Nc4 16. Qd4+ Ne5 17. Bg2 Kg8 18. f4 Ng4 19. h3 Nf6 20. Qxa7 Bd7 21.
Qe3 Qf8 22. g4 Qf7 23. c4 c6 24. g5 Nh5 25. Rae1 Re8 26. dxc6 Bxc6 27. Bxc6
bxc6 28. Qe6 Qxe6 29. Rxe6 Kf7 30. Re3 1-0

[Event "26th WSCC 2016 Open 65+"]
[Site "Marianske Lazne, Czech Republic - Hotel Cristal and Continental"]
[Date "2016.11.20"]
[Round "2.74"]
[White "Kummer, Heinz"]
[Black "Altshul, Raffael"]
[Result "0-1"]
[WhiteElo "1702"]
[BlackElo "2037"]
[PlyCount "74"]
[EventDate "2016.11.19"]

1. e4 c5 2. Nf3 Nc6 3. d4 cxd4 4. Nxd4 Qb6 5. c3 Nf6 6. f3 e6 7. Nb5 d5 8. Qe2
a6 9. N5a3 dxe4 10. fxe4 Qc7 11. Bg5 Qe5 12. Bxf6 Qxf6 13. Nc2 Bc5 14. Nd2 O-O
15. Nf3 Ne5 16. Nxe5 Qxe5 17. O-O-O b5 18. Ne1 Bb7 19. Nd3 Qc7 20. Nxc5 Qxc5
21. Kb1 Qe5 22. Re1 Rad8 23. g3 Rd7 24. Bg2 Rfd8 25. a3 Rd2 26. Qf1 g6 27. Rg1
a5 28. Qf4 Qxf4 29. gxf4 Rf2 30. Ref1 Rdd2 31. Rxf2 Rxf2 32. Kc1 Rxf4 33. Bf1
Bxe4 34. Bxb5 Rf2 35. Re1 Rc2+ 36. Kd1 Rxb2 37. Rxe4 Rxb5 0-1

[Event "26th WSCC 2016 Open 65+"]
[Site "Marianske Lazne, Czech Republic - Hotel Cristal and Continental"]
[Date "2016.11.20"]
[Round "2.75"]
[White "Bakalar, Jan"]
[Black "Birkestrand, Odd"]
[Result "1/2-1/2"]
[WhiteElo "2033"]
[BlackElo "1703"]
[PlyCount "37"]
[EventDate "2016.11.19"]

1. Nf3 d5 2. g3 g6 3. Bg2 Bg7 4. d4 Nf6 5. c4 c6 6. Nc3 O-O 7. O-O Re8 8. Ne5
Be6 9. c5 Nbd7 10. f4 Qc8 11. Qa4 Nxe5 12. fxe5 Nh5 13. e4 dxe4 14. Nxe4 f6 15.
exf6 Nxf6 16. Bg5 Nxe4 17. Bxe4 Qd7 18. Rad1 Bd5 19. Bxd5+ 1/2-1/2

[Event "26th WSCC 2016 Open 65+"]
[Site "Marianske Lazne, Czech Republic - Hotel Cristal and Continental"]
[Date "2016.11.20"]
[Round "2.76"]
[White "Do Prado, Hamilton Mesquita"]
[Black "Vladimirsky, Mark"]
[Result "1/2-1/2"]
[WhiteElo "1672"]
[BlackElo "2023"]
[PlyCount "64"]
[EventDate "2016.11.19"]

1. d4 b6 2. Bf4 Bb7 3. e3 Nf6 4. h3 g6 5. Nf3 Bg7 6. Nbd2 c5 7. c3 O-O 8. Be2
d6 9. O-O Nbd7 10. Rc1 Nd5 11. Bg3 e5 12. c4 Nc7 13. d5 f5 14. e4 f4 15. Bh2 g5
16. Ne1 Rf6 17. Bg4 Rh6 18. Rc3 Nf6 19. Bf5 Bc8 20. Bxc8 Qxc8 21. f3 Rg6 22.
Nd3 h5 23. Nf2 Bh6 24. Kh1 Qd7 25. Rg1 Kf7 26. Nf1 Rag8 27. g4 hxg4 28. fxg4 b5
29. Nd2 b4 30. Rf3 a5 31. a4 Ra8 32. b3 Ng8 1/2-1/2

[Event "26th WSCC 2016 Open 65+"]
[Site "Marianske Lazne, Czech Republic - Hotel Cristal and Continental"]
[Date "2016.11.20"]
[Round "2.78"]
[White "Zak, Jiri"]
[Black "Gerhard, Walter"]
[Result "0-1"]
[WhiteElo "1628"]
[BlackElo "2014"]
[PlyCount "56"]
[EventDate "2016.11.19"]

1. d4 d5 2. c4 c6 3. Nf3 Nf6 4. e3 e6 5. Nc3 Nbd7 6. Bd3 dxc4 7. Bxc4 b5 8. Bb3
b4 9. Ne2 Be7 10. O-O O-O 11. Bd2 c5 12. Rc1 Qb6 13. Re1 Bb7 14. dxc5 Nxc5 15.
Ned4 Nd3 16. Rc2 Nxe1 17. Bxe1 Rfd8 18. Ne5 Bd5 19. Bxd5 Rxd5 20. Nc4 Qa6 21.
b3 e5 22. Nxe5 Rxe5 23. Nc6 Re6 24. Nxe7+ Rxe7 25. Bxb4 Rd7 26. Qc1 Rad8 27.
Rd2 Rxd2 28. Bxd2 Qe2 0-1

[Event "26th WSCC 2016 Open 65+"]
[Site "Marianske Lazne, Czech Republic - Hotel Cristal and Continental"]
[Date "2016.11.20"]
[Round "2.79"]
[White "Chmelik, Jiri"]
[Black "Gudashvili, Gavazi"]
[Result "1/2-1/2"]
[WhiteElo "2000"]
[BlackElo "1617"]
[PlyCount "91"]
[EventDate "2016.11.19"]

1. d4 d5 2. Nf3 Nf6 3. c4 e6 4. Nc3 Be7 5. Bg5 h6 6. Bh4 O-O 7. e3 b6 8. Bxf6
Bxf6 9. cxd5 exd5 10. Rc1 Bb7 11. b4 a6 12. Qb3 c6 13. Bd3 Nd7 14. Na4 Re8 15.
O-O g6 16. Rfe1 Kg7 17. Re2 b5 18. Nc5 Nxc5 19. Rxc5 a5 20. a3 axb4 21. axb4
Ra1+ 22. Bb1 Qa8 23. Ra2 Rxa2 24. Bxa2 Qa7 25. Rc2 Ra8 26. h3 Qa4 27. Ne5 Be7
28. Nd3 Qxb3 29. Bxb3 Ra1+ 30. Kh2 Bd6+ 31. g3 Ra3 32. Rb2 Bc8 33. Nc5 Ra1 34.
Bc2 h5 35. Kg2 g5 36. e4 Bxc5 37. bxc5 Be6 38. f4 f6 39. f5 Bf7 40. Kf2 dxe4
41. Bxe4 Be8 42. d5 cxd5 43. Bxd5 Rc1 44. c6 Bxc6 45. Bxc6 Rxc6 46. Rxb5
1/2-1/2

[Event "26th WSCC 2016 Open 65+"]
[Site "Marianske Lazne, Czech Republic - Hotel Cristal and Continental"]
[Date "2016.11.20"]
[Round "2.81"]
[White "Vikulov, Alexander"]
[Black "Flockerzi, Armin"]
[Result "1-0"]
[WhiteElo "2275"]
[BlackElo "1860"]
[PlyCount "89"]
[EventDate "2016.11.19"]

1. Nf3 d5 2. d4 Nf6 3. c4 c6 4. g3 g6 5. Bg2 Bg7 6. O-O dxc4 7. a4 b6 8. Na3
Bb7 9. Ne5 O-O 10. Naxc4 Qc8 11. Qb3 Nfd7 12. Bg5 Nxe5 13. dxe5 Re8 14. Bd2 c5
15. Bxb7 Qxb7 16. Bc3 Qc6 17. Qb5 Qxb5 18. axb5 Nd7 19. Rfd1 Nf8 20. e3 Ne6 21.
Rd7 Bf8 22. Raxa7 Rxa7 23. Rxa7 Rb8 24. Kg2 Kg7 25. h4 h6 26. g4 g5 27. h5 Kg8
28. Kf3 Kg7 29. Ke4 Kg8 30. Kd5 Nd8 31. Ra6 e6+ 32. Ke4 Be7 33. Rxb6 Rxb6 34.
Nxb6 Nb7 35. Nd7 Kg7 36. Kd3 Kg8 37. Kc4 Kg7 38. b6 Kg8 39. Kb5 Nd8 40. Ka6 Nc6
41. b7 c4 42. b8=Q+ Nxb8+ 43. Nxb8 Kf8 44. Nc6 Bc5 45. Bd4 1-0

[Event "26th WSCC 2016 Open 65+"]
[Site "Marianske Lazne, Czech Republic - Hotel Cristal and Continental"]
[Date "2016.11.20"]
[Round "2.82"]
[White "Patola, Eero"]
[Black "Casden, Alan"]
[Result "0-1"]
[WhiteElo "1862"]
[BlackElo "2102"]
[PlyCount "68"]
[EventDate "2016.11.19"]

1. e4 b6 2. c4 Bb7 3. Nc3 e6 4. d4 Bb4 5. d5 c6 6. dxe6 fxe6 7. Bd2 Ne7 8. a3
Bxc3 9. Bxc3 O-O 10. Qd4 Rf7 11. Nf3 c5 12. Qe3 d5 13. Be5 d4 14. Qd3 Nd7 15.
Bg3 Ng6 16. Qc2 Nf4 17. Bxf4 Rxf4 18. Bd3 Qf6 19. Qe2 Rf8 20. O-O e5 21. Nd2
Qg6 22. f3 Nf6 23. g3 Nh5 24. Qg2 R4f6 25. b4 Qg5 26. Rf2 Qe3 27. Qf1 Rg6 28.
Re1 Qg5 29. Rg2 Bc8 30. h4 Qh6 31. Kh2 Nxg3 32. Rxg3 Qxh4+ 33. Rh3 Bxh3 34.
Qxh3 Qxe1 0-1

[Event "26th WSCC 2016 Open 65+"]
[Site "Marianske Lazne, Czech Republic - Hotel Cristal and Continental"]
[Date "2016.11.20"]
[Round "2.83"]
[White "Dubinsky, Alexander"]
[Black "Archangelsky, Mikhail"]
[Result "0-1"]
[WhiteElo "1858"]
[BlackElo "2054"]
[PlyCount "94"]
[EventDate "2016.11.19"]

1. f4 d5 2. Nf3 Bg4 3. e3 Nd7 4. Be2 Ngf6 5. O-O Bxf3 6. Bxf3 e5 7. Be2 Bd6 8.
d3 c6 9. b3 Qc7 10. Qe1 O-O-O 11. Kh1 Rde8 12. Ba3 exf4 13. Bxd6 Qxd6 14. exf4
Qe7 15. Nc3 d4 16. Ne4 Nxe4 17. dxe4 Qxe4 18. Bd3 Qxe1 19. Raxe1 Nf6 20. Bc4
Rhf8 21. Bd3 g6 22. g3 Nd5 23. Kg1 f5 24. a3 Kd7 25. b4 Ne3 26. Rf2 Ng4 27.
Rfe2 Rxe2 28. Rxe2 Re8 29. Rxe8 Kxe8 30. h3 Nf6 31. Kf2 Ne4+ 32. Kf3 Nd6 33. g4
Ke7 34. h4 b6 35. g5 c5 36. a4 cxb4 37. Ba6 Ke6 38. Ke2 Kd5 39. Kd3 Kc5 40. Ke2
Kc6 41. Kd3 Kc5 42. Ke2 b5 43. axb5 Nxb5 44. Bc8 Nc7 45. h5 Nd5 46. Kf3 d3 47.
cxd3 b3 0-1

[Event "26th WSCC 2016 Open 65+"]
[Site "Marianske Lazne, Czech Republic - Hotel Cristal and Continental"]
[Date "2016.11.20"]
[Round "2.84"]
[White "Bondick, Karl-Heinz"]
[Black "Novak, Jaromir"]
[Result "1/2-1/2"]
[WhiteElo "2047"]
[BlackElo "1843"]
[PlyCount "108"]
[EventDate "2016.11.19"]

1. d4 Nf6 2. f3 d5 3. e4 dxe4 4. Nc3 exf3 5. Nxf3 Bg4 6. h3 Bh5 7. g4 Bg6 8.
Ne5 c6 9. Bg2 Nbd7 10. Qe2 Nxe5 11. dxe5 Nd5 12. Nxd5 cxd5 13. Qb5+ Qd7 14.
Qxd7+ Kxd7 15. Bxd5 e6 16. Bxb7 Rb8 17. Bg2 Bxc2 18. O-O Bc5+ 19. Kh1 Rhf8 20.
Rf4 Bd3 21. b3 f6 22. Bb2 Ke7 23. Re1 fxe5 24. Rxf8 Rxf8 25. Bxe5 Rf2 26. Rc1
Bb6 27. a4 g6 28. b4 Rc2 29. Rxc2 Bxc2 30. a5 Be3 31. b5 Ba4 32. Bf1 Kd7 33.
Bc4 g5 34. Kg2 Bd2 35. a6 Bf4 36. Bd4 Bb8 37. Kf3 e5 38. Be3 h6 39. Bc5 Ke8 40.
Bd3 Kf7 41. Ke4 Bb3 42. Ke3 Bd5 43. b6 axb6 44. Bxb6 Bg2 45. a7 Bxa7 46. Bxa7
Bxh3 47. Be2 Bg2 48. Bc5 e4 49. Kf2 Bf3 50. Bxf3 exf3 51. Kxf3 Kg6 52. Be3 h5
53. Bxg5 Kxg5 54. gxh5 Kxh5 1/2-1/2

[Event "26th WSCC 2016 Open 65+"]
[Site "Marianske Lazne, Czech Republic - Hotel Cristal and Continental"]
[Date "2016.11.20"]
[Round "2.85"]
[White "Vagner, Grigorij"]
[Black "Ramusch, Arnulf"]
[Result "1-0"]
[WhiteElo "1849"]
[BlackElo "2001"]
[PlyCount "78"]
[EventDate "2016.11.19"]

1. e4 c5 2. Nf3 e6 3. d4 cxd4 4. Nxd4 a6 5. Nc3 b5 6. a3 Bb7 7. Bd3 Ne7 8. O-O
Nbc6 9. Be3 Nxd4 10. Bxd4 Nc6 11. Be3 Be7 12. f4 Rc8 13. Qg4 O-O 14. Ne2 d6 15.
c3 g6 16. Rad1 Re8 17. Qh3 Qc7 18. f5 exf5 19. exf5 Qd8 20. Nf4 Ne5 21. Bd4 Bg5
22. fxg6 hxg6 23. Bb1 Kg7 24. Nh5+ Kg8 25. Ng3 Bf6 26. Nf5 Rc7 27. Nh6+ Kg7 28.
Bb6 Bc8 29. Nf5+ Bxf5 30. Bxf5 Rh8 31. Qg3 Bg5 32. Bxc7 Qxc7 33. Qxg5 Kf8 34.
Qe3 gxf5 35. Rxf5 Qe7 36. Qd4 Rh6 37. Rdf1 Rg6 38. h3 Qb7 39. R1f2 Rg3 1-0

[Event "26th WSCC 2016 Open 65+"]
[Site "Marianske Lazne, Czech Republic - Hotel Cristal and Continental"]
[Date "2016.11.20"]
[Round "2.86"]
[White "Kotva, Milan"]
[Black "Andersson, Finn"]
[Result "1/2-1/2"]
[WhiteElo "1999"]
[BlackElo "1833"]
[PlyCount "116"]
[EventDate "2016.11.19"]

1. e4 e6 2. d4 d5 3. Nc3 Bb4 4. e5 c5 5. a3 Bxc3+ 6. bxc3 Ne7 7. Nf3 Nbc6 8.
Be2 Qc7 9. O-O Bd7 10. a4 f6 11. Ba3 c4 12. Re1 Ng6 13. Bd6 Qd8 14. Qd2 f5 15.
Ng5 h6 16. Nh3 Qh4 17. Bf1 f4 18. g3 Qg4 19. Nxf4 Nxf4 20. Qxf4 Qxf4 21. gxf4
g6 22. a5 Ne7 23. Bxe7 Kxe7 24. Re3 Raf8 25. Rg3 Rhg8 26. Rg4 h5 27. Rh4 Rg7
28. Bh3 Rgf7 29. f5 exf5 30. f4 Rc8 31. Rb1 b6 32. axb6 Rb8 33. Bg2 Bc6 34. Rh3
Ke6 35. Rg3 Rg7 36. Bf3 Kf7 37. Kf2 Rxb6 38. Rxb6 axb6 39. Rg1 Rg8 40. Rb1 Rb8
41. Rb4 b5 42. Rb1 Rd8 43. Ra1 Ra8 44. Rxa8 Bxa8 45. Ke1 Ke6 46. Kd2 Bc6 47.
Kc1 Bb7 48. Kb2 Bc6 49. Ka3 Bb7 50. Kb4 Bc6 51. Kc5 Bb7 52. Kxb5 Ke7 53. Kb6
Ba8 54. Kc7 Ke6 55. Kb6 Ke7 56. Kc5 Ke6 57. h4 Bb7 58. Be2 Ba8 1/2-1/2

[Event "26th WSCC 2016 Open 65+"]
[Site "Marianske Lazne, Czech Republic - Hotel Cristal and Continental"]
[Date "2016.11.20"]
[Round "2.87"]
[White "Rehak, Jiri"]
[Black "Vitek, Vaclav"]
[Result "0-1"]
[WhiteElo "1846"]
[BlackElo "1999"]
[PlyCount "60"]
[EventDate "2016.11.19"]

1. e4 e6 2. f4 d5 3. e5 c5 4. Nf3 Nc6 5. d4 Qb6 6. Nbd2 Bd7 7. a4 Nxd4 8. Nxd4
cxd4 9. Nb3 Bb4+ 10. Bd2 a5 11. Bxb4 Qxb4+ 12. Qd2 Ne7 13. Bd3 Nc6 14. Qxb4
axb4 15. Bb5 Nxe5 16. fxe5 Bxb5 17. axb5 Rxa1+ 18. Nxa1 f6 19. exf6 gxf6 20.
O-O Ke7 21. Nb3 e5 22. g4 b6 23. Kg2 h5 24. h3 hxg4 25. hxg4 Rc8 26. Rf2 Rc4
27. Rd2 Ke6 28. Kg3 Kf7 29. Rh2 Kg7 30. Nc5 Rxc5 0-1